<?xml version="1.0" encoding="UTF-8"?>
<record
    xmlns:xsi="http://www.w3.org/2001/XMLSchema-instance"
    xsi:schemaLocation="http://www.loc.gov/MARC21/slim http://www.loc.gov/standards/marcxml/schema/MARC21slim.xsd"
    xmlns="http://www.loc.gov/MARC21/slim">

  <leader>01003nam2a2200265   4500</leader>
  <controlfield tag="001">RU\NLR\bibl\298288</controlfield>
  <controlfield tag="005">20250620144504.0</controlfield>
  <datafield tag="010" ind1=" " ind2=" ">
    <subfield code="a">5-275-00472-9</subfield>
  </datafield>
  <datafield tag="021" ind1=" " ind2=" ">
    <subfield code="a">RU</subfield>
    <subfield code="b">2002-11964</subfield>
    <subfield code="9">590</subfield>
  </datafield>
  <datafield tag="035" ind1=" " ind2=" ">
    <subfield code="a">(NLR Aleph) 000293587</subfield>
  </datafield>
  <datafield tag="090" ind1=" " ind2=" ">
    <subfield code="a">1719363</subfield>
    <subfield code="c">1719363</subfield>
  </datafield>
  <datafield tag="100" ind1=" " ind2=" ">
    <subfield code="a">20020821d2002    |||y0rusy50      ca</subfield>
  </datafield>
  <datafield tag="101" ind1="1" ind2=" ">
    <subfield code="a">rus</subfield>
    <subfield code="c">eng</subfield>
  </datafield>
  <datafield tag="102" ind1=" " ind2=" ">
    <subfield code="a">RU</subfield>
  </datafield>
  <datafield tag="105" ind1=" " ind2=" ">
    <subfield code="a">y   |||||||||</subfield>
  </datafield>
  <datafield tag="200" ind1="0" ind2=" ">
    <subfield code="a">&#x422;. 3</subfield>
  </datafield>
  <datafield tag="210" ind1=" " ind2=" ">
    <subfield code="d">2002</subfield>
    <subfield code="a">&#x411;. &#x43C;.</subfield>
  </datafield>
  <datafield tag="215" ind1=" " ind2=" ">
    <subfield code="a">361,[2] &#x441;.</subfield>
  </datafield>
  <datafield tag="327" ind1="1" ind2=" ">
    <subfield code="a">&#x421;&#x43E;&#x434;&#x435;&#x440;&#x436;.: &#x413;&#x435;&#x43E;&#x440;&#x433; - &#x441;&#x438;&#x43D;&#x44F;&#x44F; &#x43F;&#x442;&#x438;&#x446;&#x430;/ &#x410;. &#x42E;&#x440;&#x433;&#x435;&#x43D;. &#x41A;&#x430;&#x440;&#x43A;&#x430;&#x434;&#x436;&#x443;/ &#x420;. &#x41C;&#x43E;&#x43D;&#x442;&#x433;&#x43E;&#x43C;&#x435;&#x440;&#x438;. &#x41E;&#x445;&#x43E;&#x442;&#x43D;&#x438;&#x43A;&#x438; &#x437;&#x430; &#x43E;&#x440;&#x445;&#x438;&#x434;&#x435;&#x44F;&#x43C;&#x438;/ &#x424;. &#x424;&#x43B;&#x43E;&#x441;</subfield>
  </datafield>
  <datafield tag="461" ind1=" " ind2="0">
    <subfield code="1">001RU\NLR\bibl\292388</subfield>
    <subfield code="1">2001#$a&#x414;&#x435;&#x442;&#x438; &#x43B;&#x435;&#x441;&#x43E;&#x432; &#x438; &#x43F;&#x440;&#x435;&#x440;&#x438;&#x439;$v&#x422;. 3</subfield>
    <subfield code="9">1684496</subfield>
    <subfield code="c">&#x41C;.</subfield>
    <subfield code="d">2002</subfield>
    <subfield code="f">[&#x41F;&#x440;&#x435;&#x434;&#x438;&#x441;&#x43B;. &#x41C;&#x430; &#x411;&#x43E;&#x434;&#x445;&#x438; &#x41F;&#x443;&#x440;&#x43D;&#x43E;]</subfield>
    <subfield code="n">&#x422;&#x415;&#x420;&#x420;&#x410;-&#x41A;&#x43D;. &#x43A;&#x43B;&#x443;&#x431;</subfield>
    <subfield code="o">&#x412; 3 &#x442;.</subfield>
    <subfield code="t">&#x414;&#x435;&#x442;&#x438; &#x43B;&#x435;&#x441;&#x43E;&#x432; &#x438; &#x43F;&#x440;&#x435;&#x440;&#x438;&#x439;</subfield>
    <subfield code="y">5-275-00469-9</subfield>
    <subfield code="v">&#x422;. 3</subfield>
  </datafield>
  <datafield tag="801" ind1=" " ind2="0">
    <subfield code="a">RU</subfield>
    <subfield code="b">NLR</subfield>
    <subfield code="c">20020821</subfield>
    <subfield code="g">PSBO</subfield>
  </datafield>
  <datafield tag="801" ind1=" " ind2="1">
    <subfield code="a">RU</subfield>
    <subfield code="b">NLR</subfield>
    <subfield code="c">20020821</subfield>
  </datafield>
  <datafield tag="942" ind1=" " ind2=" ">
    <subfield code="c">BOOK</subfield>
  </datafield>
  <datafield tag="980" ind1=" " ind2=" ">
    <subfield code="a">NB</subfield>
  </datafield>
  <datafield tag="995" ind1=" " ind2=" ">
    <subfield code="5">2002-08-21</subfield>
    <subfield code="a">ad</subfield>
    <subfield code="b">NLR01</subfield>
    <subfield code="c">NLR01</subfield>
    <subfield code="e">RF8</subfield>
    <subfield code="f">317892</subfield>
    <subfield code="k">2002-5/3983</subfield>
    <subfield code="o">0</subfield>
    <subfield code="r">BOOK</subfield>
    <subfield code="s">200253983_</subfield>
  </datafield>
  <datafield tag="995" ind1=" " ind2=" ">
    <subfield code="5">2002-08-21</subfield>
    <subfield code="a">ad</subfield>
    <subfield code="b">NLR01</subfield>
    <subfield code="c">NLR01</subfield>
    <subfield code="e">RF8</subfield>
    <subfield code="f">317893</subfield>
    <subfield code="k">2002-5/3983</subfield>
    <subfield code="o">0</subfield>
    <subfield code="r">BOOK</subfield>
    <subfield code="s">200253983_</subfield>
  </datafield>
</record>
